L'art nouveau en Province de Liège

Gardado en:
Detalles Bibliográficos
Main Authors: Delvaille, Alice (Author), Chavanne, Philippe (Author)
Formato: Libro
Idioma:francés
Publicado: Lieja Éditions du Perron 2002
Subjects:
Tags: Engadir etiqueta
Sen Etiquetas, Sexa o primeiro en etiquetar este rexistro!

MARC

LEADER 00000nam a2200000 a 4500
001 UCI7699
003 CL-VaPUC
008 080718e20020000BE |||||||||||||||||fre|d
020 |a 2871141886 
082 0 4 |a 724.6  |b DEL  |2 21 
100 0 |a Delvaille, Alice  |e author  |9 530983 
700 0 |a Chavanne, Philippe  |e author  |9 530984 
245 1 2 |a L'art nouveau en Province de Liège 
300 |a 113 p 
942 |c BK 
945 |d 20080718 00:00:00  |a jtorresc 
260 |a Lieja  |b Éditions du Perron  |c 2002 
650 0 |a Art Nouveau  |9 440715 
650 0 |a Arquitectura contemporánea  |9 367350 
583 |a last modification  |c 20080718 00:00:00  |k Rodrigo Vera 
999 |c 330884  |d 330882 
952 |0 0  |1 0  |4 0  |6 724_600000000000000_DEL_2002  |7 0  |8 A  |9 416797  |a BIBARQ  |b BIBARQ  |d 2019-11-22  |i 4458001  |o 724.6 DEL 2002  |p 4458001  |r 2025-01-20  |w 2019-11-22  |y BK  |k ARQ